[Event "Barcelona Sant Marti op-B 20th"]
[Site "Barcelona"]
[Date "2018.07.21"]
[Round "9"]
[White "Zaiats, Vladimir"]
[Black "Minos Constante, Pablo"]
[Result "1/2-1/2"]
[WhiteElo "1943"]
[BlackElo "1781"]
[PlyCount "60"]
[EventDate "2018.07.13"]
[EventType "swiss"]
[EventRounds "9"]
[EventCountry "ESP"]
[SourceTitle "EXT 2019"]
[Source "ChessBase"]
[SourceDate "2018.10.10"]
[SourceVersion "1"]
[SourceVersionDate "2018.10.10"]
[SourceQuality "1"]

1. e4 c5 2. Nf3 e6 3. Nc3 Nc6 4. d4 cxd4 5. Nxd4 Nf6 6. a3 a6 7. Be2 Be7 8. Be3 Qc7 9. Qd2 b5 10. Nxc6 dxc6 11. 0-0 0-0 12. Rad1 e5 13. f3 Be6 14. Qe1 Rfd8 15. Qf2 c5 16. Rfe1 Rac8 17. Bf1 Qc6 18. Rxd8+ Rxd8 19. Rd1 Rxd1 20. Nxd1 Nd7 21. Qd2 Qd6 22. Qxd6 Bxd6 23. a4 c4 24. axb5 axb5 25. Nc3 b4 26. Na4 Kf8 27. Kf2 Ke7 28. Ke1 Kd8 29. Nb6 Nxb6 30. Bxb6+ Kd7 1/2-1/2

[Event "Barcelona Primavera La Lira op 11th"]
[Site "Barcelona"]
[Date "2018.06.07"]
[Round "9"]
[White "Minos Constante, Pablo"]
[Black "Fabregas Fontanet, Antonio"]
[Result "0-1"]
[WhiteElo "1785"]
[BlackElo "1973"]
[PlyCount "76"]
[EventDate "2018.04.12"]
[EventType "swiss"]
[EventRounds "9"]
[EventCountry "ESP"]
[SourceTitle "CBM 184 Extra"]
[Source "ChessBase"]
[SourceDate "2018.06.28"]
[SourceVersion "1"]
[SourceVersionDate "2018.06.28"]
[SourceQuality "1"]

1. e4 d6 2. d4 Nf6 3. Nc3 c6 4. Bg5 Qb6 5. Qd2 Nbd7 6. 0-0-0 h6 7. Bf4 e5 8. dxe5 dxe5 9. Be3 Bc5 10. Bxc5 Nxc5 11. Qd6 Ne6 12. f3 Qa5 13. Bc4 Bd7 14. Nge2 0-0-0 15. Ng3 g6 16. Qe7 Nh7 17. Qxf7 Nhg5 18. Qe7 Rhe8 19. Qf6 Nf4 20. Rd2 Qc5 21. Bb3 Be6 22. Bxe6+ Ngxe6 23. Rxd8+ Rxd8 24. Rd1 Qe3+ 25. Kb1 Rxd1+ 26. Nxd1 Qd2 27. a3 Qxd1+ 28. Ka2 Qd4 29. Nf5 gxf5 30. g3 Qc4+ 31. Kb1 Ne2 32. exf5 N6d4 33. Qh8+ Kc7 34. Qxe5+ Kb6 35. Qe4 Qb5 36. Qe3 Qxf5 37. Qd3 Qxd3 38. cxd3 Nxf3 0-1

[Event "Barcelona Primavera La Lira op 11th"]
[Site "Barcelona"]
[Date "2018.05.31"]
[Round "8"]
[White "Perolet Perez, Miquel"]
[Black "Minos Constante, Pablo"]
[Result "0-1"]
[WhiteElo "1709"]
[BlackElo "1785"]
[PlyCount "58"]
[EventDate "2018.04.12"]
[EventType "swiss"]
[EventRounds "9"]
[EventCountry "ESP"]
[SourceTitle "CBM 184 Extra"]
[Source "ChessBase"]
[SourceDate "2018.06.28"]
[SourceVersion "1"]
[SourceVersionDate "2018.06.28"]
[SourceQuality "1"]

1. d4 Nf6 2. c3 d5 3. Nf3 e6 4. Bf4 c5 5. e3 Nc6 6. Nbd2 Bd6 7. Bg5 h6 8. Bh4 0-0 9. Bb5 Bd7 10. Bg3 Bxg3 11. hxg3 Nxd4 12. Bxd7 Nxf3+ 13. Qxf3 Nxd7 14. 0-0-0 Ne5 15. Qe2 c4 16. f4 Nd3+ 17. Kb1 b5 18. Nf3 b4 19. Rxd3 cxd3 20. Qxd3 Qf6 21. Ne5 Qf5 22. Qxf5 exf5 23. cxb4 f6 24. Nd3 Rfe8 25. Rf1 Rxe3 26. Rf3 Rxf3 27. gxf3 h5 28. Kc2 g5 29. a4 h4 0-1

[Event "Barcelona Primavera La Lira op 11th"]
[Site "Barcelona"]
[Date "2018.05.24"]
[Round "7"]
[White "Minos Constante, Pablo"]
[Black "Codina Blasco, Joan"]
[Result "1/2-1/2"]
[WhiteElo "1785"]
[BlackElo "1684"]
[PlyCount "120"]
[EventDate "2018.04.12"]
[EventType "swiss"]
[EventRounds "9"]
[EventCountry "ESP"]
[SourceTitle "CBM 184 Extra"]
[Source "ChessBase"]
[SourceDate "2018.06.28"]
[SourceVersion "1"]
[SourceVersionDate "2018.06.28"]
[SourceQuality "1"]

1. e4 e6 2. d3 d5 3. Nd2 c5 4. Ngf3 Nc6 5. g3 Nf6 6. Bg2 Be7 7. 0-0 0-0 8. e5 Nd7 9. Re1 Qc7 10. Qe2 b6 11. h4 Ba6 12. c3 Rac8 13. Nf1 d4 14. c4 Bb7 15. Bf4 h6 16. N1h2 Rfe8 17. Ng4 h5 18. Ngh2 Ncb8 19. Nf1 Nf8 20. N1d2 Ng6 21. Bg5 Bxg5 22. Nxg5 Bxg2 23. Kxg2 Nxe5 24. Qxh5 Ng6 25. Kf1 Nc6 26. Nxe6 Rxe6 27. Rxe6 fxe6 28. Qxg6 Qf7 29. Qxf7+ Kxf7 30. Nf3 Kf6 31. a3 Ne5 32. Nxe5 Kxe5 33. Re1+ Kd6 34. f4 a6 35. b4 Rb8 36. Rb1 b5 37. a4 Kc6 38. cxb5+ axb5 39. Rc1 bxa4 40. Rxc5+ Kd6 41. Ra5 Rxb4 42. Kf2 Rb2+ 43. Kf3 Ra2 44. g4 a3 45. h5 Ra1 46. Kg2 Ra2+ 47. Kf3 Ra1 48. Kg2 Ra2+ 49. Kf3 Ra1 50. Ke4 a2 51. Kxd4 Rf1 52. Rxa2 Rxf4+ 53. Ke3 Rxg4 54. Rh2 Kd5 55. h6 gxh6 56. Rxh6 Rg3+ 57. Kd2 Rg2+ 58. Ke3 Rg3+ 59. Kd2 Rg2+ 60. Ke3 Rg3+ 1/2-1/2

[Event "Barcelona Sant Marti op 7th"]
[Site "Barcelona"]
[Date "2018.02.22"]
[Round "7"]
[White "Nadal Fajardo, Ricard"]
[Black "Minos Constante, Pablo"]
[Result "1/2-1/2"]
[WhiteElo "1926"]
[BlackElo "1767"]
[PlyCount "49"]
[EventDate "2018.01.11"]
[EventType "swiss"]
[EventRounds "9"]
[EventCountry "ESP"]
[SourceTitle "EXT 2019"]
[Source "ChessBase"]
[SourceDate "2018.10.10"]
[SourceVersion "1"]
[SourceVersionDate "2018.10.10"]
[SourceQuality "1"]

1. c4 c6 2. Nc3 d5 3. e3 Nf6 4. Nf3 e6 5. b3 Be7 6. Be2 Nbd7 7. 0-0 0-0 8. d4 b6 9. Bb2 Bb7 10. Rc1 Rc8 11. Bd3 c5 12. Qe2 cxd4 13. exd4 Re8 14. Ne5 Nf8 15. Rcd1 Ng6 16. g3 dxc4 17. bxc4 Nd7 18. Rfe1 Ndxe5 19. dxe5 Qc7 20. Nb5 Qc6 21. Be4 Qxe4 22. Qxe4 Bxe4 23. Rxe4 a6 24. Nd6 Red8 25. Red4 1/2-1/2

[Event "Barcelona Primavera La Lira op 10th"]
[Site "Barcelona"]
[Date "2017.06.01"]
[Round "7"]
[White "Minos Constante, Pablo"]
[Black "Fernandez Panzano, Jose Juan"]
[Result "1-0"]
[WhiteElo "1752"]
[BlackElo "1554"]
[PlyCount "49"]
[EventDate "2017.04.20"]
[EventType "swiss"]
[EventRounds "9"]
[EventCountry "ESP"]
[SourceTitle "EXT 2018"]
[Source "ChessBase"]
[SourceDate "2017.10.13"]
[SourceVersion "1"]
[SourceVersionDate "2017.10.13"]
[SourceQuality "1"]

1. e4 e5 2. Nf3 Nc6 3. Bc4 Bc5 4. c3 Nf6 5. d3 0-0 6. 0-0 d5 7. exd5 Nxd5 8. Nxe5 Nxe5 9. Bxd5 Bxf2+ 10. Rxf2 Qxd5 11. d4 Bg4 12. Qf1 Ng6 13. Na3 c6 14. Nc2 Bd7 15. b3 Qh5 16. Ba3 Rfe8 17. Rxf7 Ne5 18. Rf4 Ng4 19. h3 Nf6 20. Re1 Qg6 21. Rxe8+ Rxe8 22. Ne1 Bxh3 23. Nd3 Bg4 24. Ne5 Rxe5 25. dxe5 1-0

[Event "Barcelona Primavera La Lira op 10th"]
[Site "Barcelona"]
[Date "2017.05.11"]
[Round "4"]
[White "Sanchez Coves, Juan Josep"]
[Black "Minos Constante, Pablo"]
[Result "1-0"]
[WhiteElo "1646"]
[BlackElo "1752"]
[PlyCount "113"]
[EventDate "2017.04.20"]
[EventType "swiss"]
[EventRounds "9"]
[EventCountry "ESP"]
[SourceTitle "EXT 2018"]
[Source "ChessBase"]
[SourceDate "2017.10.13"]
[SourceVersion "1"]
[SourceVersionDate "2017.10.13"]
[SourceQuality "1"]

1. e4 c5 2. Nf3 Nc6 3. Bb5 e6 4. 0-0 Nge7 5. e5 a6 6. Bxc6 Nxc6 7. Nc3 d5 8. exd6 Bxd6 9. Ne4 Be7 10. d3 0-0 11. Bd2 e5 12. Bc3 f6 13. Nfd2 Be6 14. f4 b5 15. Nb3 c4 16. Nbc5 Bf7 17. fxe5 fxe5 18. Qg4 Qd5 19. dxc4 bxc4 20. Rad1 Nd4 21. Bb4 Qc6 22. c3 Nc2 23. Qd7 Qxd7 24. Rxd7 Nxb4 25. Rxe7 Nc6 26. Rc7 Bd5 27. Rxf8+ Rxf8 28. Nd6 a5 29. Nd7 Rd8 30. Nb7 Re8 31. Nb6 Be4 32. Nd6 Rb8 33. Nd7 Rd8 34. Nxe4 Ne7 35. Nd6 Nd5 36. Rc8 Rxc8 37. Nxc8 a4 38. Nxe5 a3 39. bxa3 Nxc3 40. Nxc4 Nxa2 41. a4 Nb4 42. Kf2 Kf7 43. Ke3 Ke6 44. Ke4 g6 45. N8b6 h6 46. a5 Na6 47. Na4 h5 48. Ne5 g5 49. h3 Nc7 50. Nc5+ Kd6 51. Ned7 Kc6 52. Kf5 g4 53. hxg4 hxg4 54. Kxg4 Kb5 55. a6 Nxa6 56. Nxa6 Kxa6 57. Kf5 1-0

[Event "Barcelona Sant Marti op 6th"]
[Site "Barcelona"]
[Date "2017.03.09"]
[Round "9"]
[White "Minos Constante, Pablo"]
[Black "Niubo Calvo, Juan"]
[Result "1-0"]
[WhiteElo "1780"]
[BlackElo "1816"]
[PlyCount "61"]
[EventDate "2017.01.12"]
[EventType "swiss"]
[EventRounds "9"]
[EventCountry "ESP"]
[SourceTitle "EXT 2018"]
[Source "ChessBase"]
[SourceDate "2017.10.13"]
[SourceVersion "1"]
[SourceVersionDate "2017.10.13"]
[SourceQuality "1"]

1. e4 e5 2. f4 exf4 3. Nf3 Be7 4. Bc4 Bh4+ 5. g3 fxg3 6. 0-0 Nh6 7. d4 0-0 8. Bxh6 gxh6 9. Ne5 Qg5 10. Qf3 g2 11. Qxg2 Qxg2+ 12. Kxg2 d6 13. Nxf7 Kg7 14. e5 Nd7 15. exd6 cxd6 16. Nxd6 Rxf1 17. Bxf1 Nb6 18. Nd2 Be6 19. c4 Rf8 20. N2e4 Be7 21. d5 Bd7 22. Bd3 Rf4 23. Rf1 Rxf1 24. Bxf1 Na4 25. b3 Nb2 26. Nxb7 Nd1 27. Kf3 h5 28. c5 Bg4+ 29. Kf4 Bh4 30. h3 Bc8 31. Nbd6 1-0

[Event "Barcelona Primavera La Lira op 9th"]
[Site "Barcelona"]
[Date "2016.05.19"]
[Round "7"]
[White "Massanet Miret, Pere"]
[Black "Minos Constante, Pablo"]
[Result "0-1"]
[WhiteElo "1703"]
[BlackElo "1820"]
[PlyCount "78"]
[EventDate "2016.04.07"]
[EventType "swiss"]
[EventRounds "9"]
[EventCountry "ESP"]
[SourceTitle "CBM 172 Extra"]
[Source "ChessBase"]
[SourceDate "2016.06.21"]
[SourceVersion "1"]
[SourceVersionDate "2016.06.21"]
[SourceQuality "1"]

1. d4 d5 2. Bf4 Nf6 3. Nf3 Bf5 4. e3 e6 5. Bd3 Bg6 6. h3 Bd6 7. Bxd6 Qxd6 8. 0-0 Nbd7 9. b3 e5 10. Bxg6 hxg6 11. Nxe5 Nxe5 12. dxe5 Qxe5 13. Nd2 0-0-0 14. Nf3 Qd6 15. Qd4 c5 16. Qa4 a6 17. Rfd1 b5 18. Qa5 Kb7 19. c4 Qb6 20. Qxb6+ Kxb6 21. cxd5 Nxd5 22. Ne5 Nc3 23. Rxd8 Rxd8 24. Nxf7 Rd2 25. f3 Rxa2 26. Rxa2 Nxa2 27. e4 c4 28. bxc4 bxc4 29. Kf1 c3 30. Ne5 c2 31. Nd3 c1Q+ 32. Nxc1 Nxc1 33. Ke1 Kc5 34. Kd2 Nb3+ 35. Kc3 Nd4 36. e5 a5 37. f4 Ne2+ 38. Kb3 Nxf4 39. Ka4 Kd5 0-1

[Event "Barcelona Primavera La Lira op 9th"]
[Site "Barcelona"]
[Date "2016.05.05"]
[Round "5"]
[White "Rojas Fernandez, Andres"]
[Black "Minos Constante, Pablo"]
[Result "1-0"]
[WhiteElo "1934"]
[BlackElo "1820"]
[PlyCount "149"]
[EventDate "2016.04.07"]
[EventType "swiss"]
[EventRounds "9"]
[EventCountry "ESP"]
[SourceTitle "CBM 172 Extra"]
[Source "ChessBase"]
[SourceDate "2016.06.21"]
[SourceVersion "1"]
[SourceVersionDate "2016.06.21"]
[SourceQuality "1"]

1. e4 c5 2. Nc3 e6 3. g3 d5 4. exd5 exd5 5. d4 cxd4 6. Qxd4 Nf6 7. Bg5 Be7 8. 0-0-0 Nc6 9. Qa4 Qb6 10. Be3 Bc5 11. Bxc5 Qxc5 12. f3 0-0 13. Qf4 d4 14. Nb5 Nd5 15. Qd6 Qxd6 16. Nxd6 Ne3 17. Re1 Nb4 18. c3 Nbc2 19. Re2 d3 20. Rf2 Nxf1 21. Rxf1 Rd8 22. Nxc8 Raxc8 23. Kd2 Rc6 24. Nh3 a5 25. Nf4 Rcd6 26. Rd1 Rb6 27. b3 a4 28. b4 Na3 29. Nxd3 Nc4+ 30. Ke2 Re6+ 31. Kf2 Rc6 32. Ne5 Rcd6 33. Rxd6 Nxd6 34. Re1 f6 35. Ng4 Nc4 36. Ne3 Nb2 37. Ke2 b5 38. Rb1 a3 39. Nc2 Nc4 40. Rd1 Re8+ 41. Kf2 Kf7 42. Nd4 Rd8 43. Re1 Rd5 44. Re4 Nd6 45. Re2 Nc4 46. f4 h5 47. h3 g6 48. g4 hxg4 49. hxg4 Nd6 50. Kf3 Nc4 51. Rh2 Kg7 52. Ke4 Rd7 53. Nxb5 Nd2+ 54. Ke3 Nc4+ 55. Kf3 Nd2+ 56. Ke2 Nc4 57. Nd4 Re7+ 58. Kd3 Nb2+ 59. Kc2 Re3 60. Kb3 Nd1 61. Ne2 Kf7 62. Kxa3 Nxc3 63. Nxc3 Rxc3+ 64. Ka4 Rf3 65. f5 gxf5 66. gxf5 Rxf5 67. b5 Rf4+ 68. Ka5 Rf1 69. b6 Rb1 70. b7 Ke6 71. Ka6 Rb4 72. Rh5 f5 73. Rh6+ Kd7 74. Rb6 Ra4+ 75. Kb5 1-0

[Event "Barcelona Sant Marti op-B 5th"]
[Site "Barcelona"]
[Date "2016.03.03"]
[Round "8"]
[White "Poyato Ruiz, Fernando"]
[Black "Minos Constante, Pablo"]
[Result "0-1"]
[WhiteElo "1834"]
[BlackElo "1774"]
[PlyCount "84"]
[EventDate "2016.01.14"]
[EventType "swiss"]
[EventRounds "9"]
[EventCountry "ESP"]
[SourceTitle "EXT 2017"]
[Source "ChessBase"]
[SourceDate "2016.10.25"]
[SourceVersion "1"]
[SourceVersionDate "2016.10.25"]
[SourceQuality "1"]

1. d4 d5 2. c4 c6 3. Nc3 dxc4 4. a4 e5 5. e3 exd4 6. exd4 Be6 7. Nf3 Nf6 8. Be2 Be7 9. Ne5 Nbd7 10. Nxc4 Qc7 11. 0-0 0-0 12. Be3 Rfd8 13. Qc2 Nd5 14. Nxd5 Bxd5 15. Rac1 Nf6 16. h3 Be4 17. Bd3 Bxd3 18. Qxd3 Nd5 19. Qf5 Bf6 20. Rfd1 Qe7 21. Qf3 a5 22. Bf4 Qb4 23. Be5 Bxe5 24. dxe5 Qxa4 25. Rxd5 cxd5 26. Nb6 Qe4 27. Nxa8 Qxf3 28. gxf3 Rxa8 29. Rc7 Rb8 30. Rd7 b5 31. Rxd5 Kf8 32. Kf1 Ke7 33. Ke2 a4 34. Ke3 b4 35. Kd3 a3 36. Kc4 a2 37. Ra5 b3 38. Ra6 Rb6 39. Ra5 Ke6 40. Kc5 Rb8 41. f4 Rc8+ 42. Kb4 Rc1 0-1

[Event "Barcelona Sant Marti op-B 5th"]
[Site "Barcelona"]
[Date "2016.02.25"]
[Round "7"]
[White "Minos Constante, Pablo"]
[Black "Lozano Ruiz, David"]
[Result "0-1"]
[WhiteElo "1774"]
[BlackElo "1915"]
[PlyCount "136"]
[EventDate "2016.01.14"]
[EventType "swiss"]
[EventRounds "9"]
[EventCountry "ESP"]
[SourceTitle "EXT 2017"]
[Source "ChessBase"]
[SourceDate "2016.10.25"]
[SourceVersion "1"]
[SourceVersionDate "2016.10.25"]
[SourceQuality "1"]

1. e4 e6 2. d3 Nc6 3. Nf3 d5 4. Nbd2 d4 5. e5 Qd5 6. Qe2 Be7 7. g3 f6 8. Bg2 Nxe5 9. 0-0 Bd7 10. Nxe5 Qxe5 11. Qxe5 fxe5 12. Bxb7 Rb8 13. Bg2 Bf6 14. Re1 Ne7 15. Ne4 h6 16. Nc5 Bc8 17. Rb1 Rb5 18. b4 Kf7 19. a4 Rb6 20. f4 Ng6 21. fxe5 Bxe5 22. a5 Rb8 23. Be4 Nf8 24. Rf1+ Ke7 25. Bf4 Bd6 26. Bg2 Ng6 27. Bxd6+ cxd6 28. Ne4 Bd7 29. Rfc1 Ne5 30. h3 Rhc8 31. Kf2 Rc7 32. Ke2 Bc6 33. Bh1 Bxe4 34. Bxe4 Rbc8 35. Rb2 d5 36. Bg2 Nf7 37. b5 Rb8 38. Rcb1 Rcb7 39. b6 axb6 40. Rxb6 Rxb6 41. Rxb6 Rxb6 42. axb6 Kd6 43. Kd2 Kc6 44. b7 Kxb7 45. c4 dxc3+ 46. Kxc3 Kc6 47. d4 Kd6 48. h4 e5 49. Kd3 e4+ 50. Ke3 Ke6 51. Bh3+ Kf6 52. g4 g5 53. h5 Ke6 54. Bf1 Kd6 55. Bb5 Nd8 56. Ba4 Ne6 57. Bc2 Nf4 58. Bd1 Kc6 59. Ba4+ Kb6 60. Bd7 Ka5 61. Bf5 Kb4 62. Bxe4 dxe4 63. Kxe4 Kc4 64. d5 Nxd5 65. Kf5 Ne3+ 66. Kg6 Nxg4 67. Kf5 Kd4 68. Kxg4 Ke4 0-1

[Event "Barcelona Sant Marti op-B 5th"]
[Site "Barcelona"]
[Date "2016.02.11"]
[Round "5"]
[White "Minos Constante, Pablo"]
[Black "Tortosa Moros, Joan"]
[Result "1/2-1/2"]
[WhiteElo "1774"]
[BlackElo "1756"]
[PlyCount "66"]
[EventDate "2016.01.14"]
[EventType "swiss"]
[EventRounds "9"]
[EventCountry "ESP"]
[SourceTitle "EXT 2017"]
[Source "ChessBase"]
[SourceDate "2016.10.25"]
[SourceVersion "1"]
[SourceVersionDate "2016.10.25"]
[SourceQuality "1"]

1. e4 c5 2. Nf3 Nc6 3. d4 cxd4 4. Nxd4 g6 5. c4 Bg7 6. Be3 Nh6 7. Be2 0-0 8. Nc3 f5 9. exf5 Bxd4 10. Bxh6 Rxf5 11. 0-0 e6 12. Bf3 Qh4 13. Be3 Bxe3 14. fxe3 Qxc4 15. Ne4 Qb4 16. Nd6 Re5 17. Bxc6 bxc6 18. Qf3 Rf5 19. Nxf5 exf5 20. a3 Qxb2 21. e4 Qd4+ 22. Kh1 Qxe4 23. Qb3+ Qe6 24. Qd3 d5 25. Rfe1 Qf7 26. Re5 Bd7 27. Rae1 Re8 28. Qd4 Rxe5 29. Qxe5 Qf8 30. Rb1 Kf7 31. Rb7 Qe7 32. Qa1 Qd6 33. h3 a5 1/2-1/2

[Event "Barcelona Sant Marti op-B 5th"]
[Site "Barcelona"]
[Date "2016.01.28"]
[Round "3"]
[White "Minos Constante, Pablo"]
[Black "Niubo Calvo, Juan"]
[Result "1/2-1/2"]
[WhiteElo "1774"]
[BlackElo "1799"]
[PlyCount "92"]
[EventDate "2016.01.14"]
[EventType "swiss"]
[EventRounds "9"]
[EventCountry "ESP"]
[SourceTitle "EXT 2017"]
[Source "ChessBase"]
[SourceDate "2016.10.25"]
[SourceVersion "1"]
[SourceVersionDate "2016.10.25"]
[SourceQuality "1"]

1. e4 e5 2. Nf3 Nc6 3. Bb5 a6 4. Ba4 Nf6 5. d3 Bc5 6. 0-0 d6 7. c3 b5 8. Bc2 0-0 9. Nbd2 Bd7 10. h3 h6 11. Re1 Qc8 12. Nf1 Bb6 13. Ng3 Ne7 14. d4 Ng6 15. Be3 c5 16. dxe5 dxe5 17. Qd6 Rb8 18. Qd2 Rd8 19. Qc1 c4 20. Bxb6 Rxb6 21. Qe3 Rd6 22. Red1 Bc6 23. Rxd6 Rxd6 24. Nf5 Rd7 25. Re1 Qd8 26. g3 Bb7 27. Re2 a5 28. Qc5 Ba6 29. Nxe5 Nxe5 30. Qxe5 b4 31. Ba4 Rd2 32. Rxd2 Qxd2 33. Qb8+ Kh7 34. Kg2 Nxe4 35. Qb6 Bc8 36. Ne7 Bb7 37. Bc6 Bxc6 38. Nxc6 Qxb2 39. Qd4 Nxc3 40. Qxc4 Qd2 41. Qxf7 Qd5+ 42. Qxd5 Nxd5 43. Nxa5 Nc3 44. Kf3 Nxa2 45. Ke3 Nc3 46. Kd3 Nd1 1/2-1/2

[Event "Barcelona Vila de Gracia op 9th"]
[Site "Barcelona"]
[Date "2015.10.02"]
[Round "1"]
[White "Minos Constante, Pablo"]
[Black "Alcala Valiente, Juan Carlos"]
[Result "1/2-1/2"]
[WhiteElo "1955"]
[BlackElo "2192"]
[PlyCount "100"]
[EventDate "2015.10.02"]
[EventType "swiss"]
[EventRounds "9"]
[EventCountry "ESP"]
[SourceTitle "CBM 169 Extra"]
[Source "ChessBase"]
[SourceDate "2015.12.18"]
[SourceVersion "1"]
[SourceVersionDate "2015.12.18"]
[SourceQuality "1"]

1. e4 c5 2. Nf3 Nc6 3. d4 cxd4 4. Nxd4 g6 5. c4 Bg7 6. Be3 Nf6 7. Nc3 0-0 8. Be2 d6 9. f3 Bd7 10. 0-0 Nxd4 11. Bxd4 Bc6 12. Qd2 Qa5 13. Rad1 Rfe8 14. Rfe1 Qc7 15. Rc1 a6 16. Nd5 Bxd5 17. cxd5 Qd7 18. Rc4 Rec8 19. Rec1 Rxc4 20. Rxc4 Rc8 21. Qc3 Rxc4 22. Qxc4 Ne8 23. Bxg7 Nxg7 24. f4 f6 25. a4 Kf8 26. b4 Qxa4 27. Qc8+ Kf7 28. Qxb7 Qa1+ 29. Kf2 Qd4+ 30. Kf3 f5 31. e5 Qe4+ 32. Kf2 Qxf4+ 33. Kg1 Qe3+ 34. Kf1 Qxe5 35. Bxa6 Nh5 36. Be2 Qxh2 37. Bxh5 Qxh5 38. b5 Qd1+ 39. Kf2 Qd4+ 40. Kf1 g5 41. b6 Qd1+ 42. Kf2 g4 43. Qc8 Qd2+ 44. Kg3 Qe3+ 45. Kh4 Qf2+ 46. Kh5 Qxb6 47. Qxf5+ Ke8 48. Qc8+ Kf7 49. Qe6+ Ke8 50. Qc8+ Kf7 1/2-1/2

[Event "Barcelona Sant Marti op-B 15th"]
[Site "Barcelona"]
[Date "2013.07.18"]
[Round "6"]
[White "Minos Constante, Pablo"]
[Black "Abascal Vicente, Ignacio"]
[Result "1/2-1/2"]
[WhiteElo "1850"]
[BlackElo "1715"]
[PlyCount "50"]
[EventDate "2013.07.13"]
[EventType "swiss"]
[EventRounds "9"]
[EventCountry "ESP"]
[SourceTitle "CBM 155 Extra"]
[Source "ChessBase"]
[SourceDate "2013.08.26"]
[SourceVersion "1"]
[SourceVersionDate "2013.08.26"]
[SourceQuality "1"]

1. e4 e5 2. Nf3 Nc6 3. Bb5 a6 4. Ba4 Nf6 5. d3 b5 6. Bb3 d6 7. c3 Be7 8. 0-0 Na5 9. Bc2 c5 10. Re1 0-0 11. Nbd2 Re8 12. Nf1 Nc6 13. d4 exd4 14. cxd4 Bb7 15. Ng3 g6 16. Bg5 Nd7 17. Bf4 Bf8 18. a4 b4 19. Bb3 Na5 20. Bxf7+ Kxf7 21. Ng5+ Kg8 22. d5 Qf6 23. Bc1 h6 24. Ne6 Rxe6 25. dxe6 Qxe6 1/2-1/2

[Event "Barcelona Sant Marti op-B 15th"]
[Site "Barcelona"]
[Date "2013.07.14"]
[Round "2"]
[White "Minos Constante, Pablo"]
[Black "Martin Sanchez, Antoni"]
[Result "1/2-1/2"]
[WhiteElo "1850"]
[BlackElo "1730"]
[PlyCount "119"]
[EventDate "2013.07.13"]
[EventType "swiss"]
[EventRounds "9"]
[EventCountry "ESP"]
[SourceTitle "CBM 155 Extra"]
[Source "ChessBase"]
[SourceDate "2013.08.26"]
[SourceVersion "1"]
[SourceVersionDate "2013.08.26"]
[SourceQuality "1"]

1. e4 e6 2. d4 d5 3. e5 c5 4. c3 Nc6 5. Nf3 Qb6 6. a3 Bd7 7. b4 cxb4 8. cxb4 Nge7 9. Nc3 g6 10. Be2 Rc8 11. Bb2 Nb8 12. 0-0 Bh6 13. Na4 Bxa4 14. Qxa4+ Nbc6 15. Bc1 Bg7 16. Be3 0-0 17. Rac1 Nf5 18. Rc5 Nxe3 19. fxe3 a6 20. Rfc1 Ne7 21. Rxc8 Nxc8 22. Qd7 Qd8 23. Qxb7 Bh6 24. Kf2 Ne7 25. g4 f6 26. Rc7 fxe5 27. Rxe7 e4 28. Rxh7 Qh4+ 29. Kf1 exf3 30. Bd3 f2 31. Qg7+ Bxg7 32. Rxh4 e5 33. dxe5 Bxe5 34. Bxg6 Bc3 35. Bf5 Be1 36. Rh6 Re8 37. Re6 Rd8 38. Rxa6 d4 39. exd4 Rxd4 40. b5 Rd2 41. b6 Rb2 42. Bc8 Bc3 43. g5 Bd4 44. Bh3 Bxb6 45. Bg2 Kg7 46. a4 Be3 47. Re6 Rb1+ 48. Ke2 Re1+ 49. Kd3 Bxg5 50. Rc6 f1Q+ 51. Bxf1 Rxf1 52. Rc2 Ra1 53. Rc4 Ra3+ 54. Ke4 Bf6 55. Kd5 Kg6 56. Kc6 Be5 57. Kb5 Bxh2 58. a5 Kf6 59. a6 Bg1 60. Ra4 1/2-1/2

[Event "Barcelona Sant Marti op 2nd"]
[Site "Barcelona"]
[Date "2013.03.14"]
[Round "9"]
[White "Minos Constante, Pablo"]
[Black "Molano Lafuente, Ismael"]
[Result "1-0"]
[WhiteElo "1867"]
[BlackElo "2025"]
[PlyCount "41"]
[EventDate "2013.01.17"]
[EventType "swiss"]
[EventRounds "9"]
[EventCountry "ESP"]
[SourceTitle "EXT 2014"]
[Source "ChessBase"]
[SourceDate "2013.11.20"]
[SourceVersion "1"]
[SourceVersionDate "2013.11.20"]
[SourceQuality "1"]

1. e4 d6 2. d4 Nf6 3. Nc3 e5 4. dxe5 dxe5 5. Qxd8+ Kxd8 6. Bc4 Be6 7. Bxe6 fxe6 8. Be3 Bd6 9. 0-0-0 Ke7 10. f3 Nbd7 11. Nge2 a6 12. h3 b5 13. Rd3 h5 14. h4 Kf7 15. Rhd1 Rhd8 16. Bg5 Nb6 17. Ng1 b4 18. Nce2 a5 19. Nh3 Rd7 20. Be3 a4 21. Bxb6 1-0

[Event "Barcelona Ateneu Colon op 7th"]
[Site "Barcelona"]
[Date "2012.05.08"]
[Round "4"]
[White "Perez Mitjans, Orelvis"]
[Black "Minos Constante, Pablo"]
[Result "1-0"]
[WhiteElo "2482"]
[BlackElo "1810"]
[PlyCount "91"]
[EventDate "2012.04.10"]
[EventType "swiss"]
[EventRounds "9"]
[EventCountry "ESP"]
[SourceTitle "CBM 148 Extra"]
[Source "ChessBase"]
[SourceDate "2012.06.22"]
[SourceVersion "1"]
[SourceVersionDate "2012.06.22"]
[SourceQuality "1"]

1. e4 c5 2. Nf3 Nc6 3. d4 cxd4 4. Nxd4 Nf6 5. Nc3 e5 6. Ndb5 d6 7. Nd5 Nxd5 8. exd5 Nb8 9. Qf3 a6 10. Qa3 Be7 11. Bd2 0-0 12. c4 Nd7 13. Bb4 Nc5 14. Bxc5 dxc5 15. d6 Bg5 16. Be2 Be6 17. Nc7 Qxd6 18. Nxa8 Bd2+ 19. Kf1 Bb4 20. Qb3 Rxa8 21. Rd1 Qe7 22. Qd3 Ba5 23. Qd6 Qxd6 24. Rxd6 Bc7 25. Rd1 e4 26. g4 Be5 27. Kg2 b6 28. Rd2 g6 29. Rhd1 Bd4 30. Rxd4 cxd4 31. Rxd4 Re8 32. Kg3 e3 33. fxe3 Kg7 34. Rd6 Rb8 35. g5 h6 36. h4 hxg5 37. hxg5 Kf8 38. Kf4 Ke7 39. Ke5 a5 40. a4 Bd7 41. b3 Be6 42. Bf3 Bf5 43. Bd5 Bc2 44. Rf6 Bxb3 45. Rxf7+ Kd8 46. Rh7 1-0

[Event "Barcelona Sant Marti op 1st"]
[Site "Barcelona"]
[Date "2012.03.01"]
[Round "6"]
[White "Rojas Fernandez, Andres"]
[Black "Minos Constante, Pablo"]
[Result "0-1"]
[WhiteElo "1938"]
[BlackElo "1810"]
[PlyCount "24"]
[EventDate "2012.01.26"]
[EventType "swiss"]
[EventRounds "9"]
[EventCountry "ESP"]
[SourceTitle "EXT 2013"]
[Source "ChessBase"]
[SourceDate "2012.11.22"]
[SourceVersion "1"]
[SourceVersionDate "2012.11.22"]
[SourceQuality "1"]

1. e4 d5 2. exd5 Qxd5 3. Nc3 Qd6 4. Nf3 Nf6 5. h3 a6 6. a4 Nc6 7. b3 Bf5 8. Ba3 Nb4 9. d3 e5 10. Qe2 0-0-0 11. Nh4 Qd4 12. Qd2 Qxh4 0-1